000 00334 a2200145 4500
001 48532
020 _a9780194400947
040 _cAnchieta - Bela Vista
100 _aBrooke, Rebecca
240 1 0 _aCircles and squares
_leng
245 1 0 _aCircles and squares
300 _a26
650 4 _aLiteratura juvenil em inglês
942 _cBK
999 _c48532
_d48532